শহীদ সন্তোষচন্দ্র ভট্টাচার্য, ১৯১৫-১৯৭১ /
Biography of Santoshacandra Bhaṭṭācārya, 1915-1971, professor of History of the University of Dhaka, Bangladesh, a martyr of 1971 Bangladesh revolution; includes sampling of his writings.
| Hovedforfatter: | |
|---|---|
| Format: | Bog |
| Sprog: | Bengali English |
| Udgivet: |
ঢাকা :
বাংলা একাডেমী,
১৯৯৭.
|
| Udgivelse: | প্রথম প্রকাশ |
| Serier: | জীবনী গ্রন্থমালা
|
| Fag: | |
| Classic Catalogue: | View this record in Classic Catalogue |
| LEADER | 02178nam a2200433 a 4500 | ||
|---|---|---|---|
| 001 | 39762 | ||
| 003 | BD-DhAAL | ||
| 008 | 221020t1997 bg a b f000 0bben d | ||
| 999 | |c 44994 |d 44994 | ||
| 010 | |a 2004328700 | ||
| 020 | |a 9840735349 | ||
| 025 | |a B-B-2004-328700; 22 | ||
| 035 | |a (DLC) 2004328700 | ||
| 037 | |b Library of Congress -- New Delhi Overseas Office |c Tk30.00 ($2.00 U.S.) | ||
| 040 | |a DLC |c DLC |d BD-DhAAL | ||
| 041 | 0 | |a ben |a eng | |
| 042 | |a lcode | ||
| 043 | |a a-bg--- | ||
| 050 | 0 | 0 | |a LA2383.B32 |b B433 1997 |
| 082 | |a 378.1295492092 |2 23 | ||
| 100 | 1 | |a চক্রবর্তী, রতন লাল |9 52003 | |
| 245 | 1 | 0 | |a শহীদ সন্তোষচন্দ্র ভট্টাচার্য, |n ১৯১৫-১৯৭১ / |c রতন লাল চক্রবর্তী |
| 250 | |a প্রথম প্রকাশ | ||
| 260 | |a ঢাকা : |b বাংলা একাডেমী, |c ১৯৯৭. | ||
| 300 | |a ১০৯ পৃষ্ঠা : |b চিত্র ; |c ২২ সে.মি. | ||
| 490 | |a জীবনী গ্রন্থমালা | ||
| 504 | |a গ্রন্থপঞ্জিগত নির্দেশিকা (পৃষ্ঠা ৪৪-৪৫) অন্তর্ভুক্ত। | ||
| 520 | |a Biography of Santoshacandra Bhaṭṭācārya, 1915-1971, professor of History of the University of Dhaka, Bangladesh, a martyr of 1971 Bangladesh revolution; includes sampling of his writings. | ||
| 541 | |a Donated By Akbar Ali Khan |e 39762 | ||
| 546 | |a In Bengali; some articles in English. | ||
| 600 | 1 | 0 | |a Bhattacharyya, Santosh, |d 1915-1971. |9 52004 |
| 650 | 0 | |a College teachers |z Bangladesh |v Biography. |9 52005 | |
| 650 | 0 | |a History teachers |z Bangladesh |v Biography. |9 52006 | |
| 650 | 0 | |a Martyrs |z Bangladesh |v Biography. |9 52007 | |
| 650 | 0 | |a Education. |9 52008 | |
| 830 | |a জীবনী গ্রন্থমালা |9 52009 | ||
| 852 | |a Ayesha Abed Library |c Akbar Ali Khan Collection | ||
| 942 | |2 ddc |c BK | ||
| 952 | |0 0 |1 0 |2 ddc |4 0 |6 378_129549209200000_CHA |7 1 |9 72134 |a BRACUL |b BRACUL |c CS1 |d 2022-10-20 |e Donated by Akbar Ali Khan |g 30.00 |l 0 |o 378.1295492092 CHA |p 3010039762 |r 2022-10-20 |t 1 |w 2022-10-20 |y BK | ||